<?xml version="1.0" encoding="UTF-8"?>
<marc:record xmlns:marc="http://www.loc.gov/MARC21/slim">
   <marc:leader>00000nam a2200000 a 4500</marc:leader>
   <marc:datafield ind1="1" ind2=" " tag="100">
      <marc:subfield code="a">Hitzbleck, Henrik</marc:subfield>
      <marc:subfield code="4">aut</marc:subfield>
      <marc:subfield code="e">Verfasser/-in</marc:subfield>
   </marc:datafield>
   <marc:datafield ind1="0" ind2="0" tag="245">
      <marc:subfield code="a">Das Mädchen in unserem Badezimmer</marc:subfield>
   </marc:datafield>
   <marc:datafield ind1=" " ind2="1" tag="264">
      <marc:subfield code="b">Wacker und Freunde</marc:subfield>
      <marc:subfield code="c">2022</marc:subfield>
   </marc:datafield>
   <marc:datafield ind1="1" ind2=" " tag="520">
      <marc:subfield code="a">Als Amras Mutter einem Mädchen auf der Straße anbietet, bei ihnen zuhause zu duschen, ist die 14-Jährige entsetzt. Nachdem Coco die Wohnung verlassen und ihr Tagebuch vergessen hat, macht sich Amra gemeinsam mit ihrer Freundin Louise allerdings auf die Suche nach dem Mädchen, das wie spurlos verschwunden scheint. Dabei beginnt ein Abenteuer, das sie durch die Straßen Berlins treibt, ihnen zeigt, was es heißt, als Jugendliche abzuhauen und sich ohne eine sichere Bleibe zurechtfinden zu müssen. Nicht nur die Aspekte der Obdachlosigkeit in einer großen Stadt, die Drogenprobleme und Gefahren, die so ein Leben birgt, auch die (sozialen) Auffangnetze werden thematisiert. Neben der Gegenüberstellung der privilegierten Amra zu Coco, die durch mehrere Umstände einem behüteten Leben entrissen wurde, fällt das Buch durch die behutsame, doch nicht verharmlosende Annäherung an ein schwieriges Thema auf. *STUBE Eleni Steinborn*</marc:subfield>
   </marc:datafield>
   <marc:datafield ind1=" " ind2=" " tag="020">
      <marc:subfield code="a">9783000717765</marc:subfield>
      <marc:subfield code="9">9783000717765</marc:subfield>
   </marc:datafield>
</marc:record>
